000 00279nam a2200109Ia 4500
008 200302s9999 xx 000 0 und d
100 _aWilliam J.R. Curtis
245 _aBalkrishna Doshi an Architecture for India
260 _bMapin Publishing
260 _c2014
300 _a191 P.,
999 _c4344
_d4344